Ligue 2 BKT 2024-2025 - Statistiques

Statistiques générales
  • Ce quiz a été pris 194 fois
  • Le résultat moyen est 14 sur 18
Statistiques - réponses
Réponse % Correct
Paris FC
96%
FC Lorient
91%
FC Metz
89%
USL Dunkerque
88%
EA Guingamp
86%
SM Caen
84%
SC Bastia
83%
AC Ajaccio
81%
Pau FC
80%
Amiens SC
78%
FC Martigues
78%
Rodez AF
78%
Stade Lavallois MFC
76%
Red Star FC
75%
Clermont Foot 63
74%
FC Annecy
69%
Grenoble Foot 38
69%
ESTAC Troyes
66%
Aucun quiz correspondant
Distribution des résultats
% des personnes avec chaque résultat
Percentile par nombre de réponses
Votre historique - résultats
Vous n’avez pas pris ce quiz